00618 2200217 4500001002100000005001500021035002000036007000300056008004100059020001800100082001100118084001700129100001900146245009700165260004200262300003200304650002000336700002000356990001200376990001200388INLIS00000000000173520180315092006 a0010-0318000078ta180315 g 0 ind  a9786023943616 a646.72 a646.72 LIT s0 aLITA, Iqtianty1 aSurvival Guide Book for Girl: Beauty and Health /cLita Iqtianty; penyunting, Marina Ariyani aJakarta :bBhuana Ilmu Populer,c2017 a105 hlm. :bilus. ;c21 cm. aKECANTIKAN DIRI0 aMARINA, Ariyani a16778 a a16778 b